Neural networks : algorithms, applications, and programming techniques

Αποθηκεύτηκε σε:
Λεπτομέρειες βιβλιογραφικής εγγραφής
Κύριοι συγγραφείς: Freeman, James A., Skapura, David M. (Συγγραφέας)
Μορφή: Βιβλίο
Γλώσσα:English
Δημοσίευση: Reading, Mass. : Addison-Wesley, 1992, c1991.
Σειρά:Computation and neural systems series
Θέματα:
Ετικέτες: Προσθήκη ετικέτας
Δεν υπάρχουν, Καταχωρήστε ετικέτα πρώτοι!

MARC

LEADER 00000cam a2200000 a 4500
001 1/115234
008 171013t19911992mau| ||| |||| ||eng||
020 |a 0201513765 
040 |a GR-MyUa  |b gre  |c GR-MyUa  |e AACR2 
041 0 |a eng 
082 7 |a 006.3  |2 (23) 
100 1 |a Freeman, James A. 
245 1 0 |a Neural networks :   |b algorithms, applications, and programming techniques /   |c James A. Freeman, David M. Skapura. 
260 |a  Reading, Mass. :   |b Addison-Wesley,   |c 1992, c1991.  
300 |a  xiii, 401 σ. :   |b εικ ;   |c 24 εκ.  
490 1 |a (Computation and neural systems series)  
504 |a Περιέχει βιβλιογραφικές αναφορές και ευρετήριο. 
650 0 |a Neural networks (Computer science) 
650 0 |a Computer algorithms. 
700 1 |a Skapura, David M.  |e aut 
830 0 |a Computation and neural systems series 
852 |a INST  |b SAMOS  |e 20171013  |h 006.3 FRE  |p 005300044885  |q 005300044885  |t BK  |y 0 
970 |a Φιλιππή  |b Φάλη  |z 13/10/2017